Comprehensive let reviewer based on NCBTS and table of specifications / (Record no. 354889)
[ view plain ]
| 000 -LEADER | |
|---|---|
| fixed length control field | 00330nam a2200109Ia 4500 |
| 008 - FIXED-LENGTH DATA ELEMENTS--GENERAL INFORMATION | |
| fixed length control field | 180205s9999 xx 000 0 und d |
| 020 ## - INTERNATIONAL STANDARD BOOK NUMBER | |
| International Standard Book Number | 9716857252 |
| 100 ## - MAIN ENTRY--PERSONAL NAME | |
| Personal name | Lorimar |
| 245 ## - TITLE STATEMENT | |
| Title | Comprehensive let reviewer based on NCBTS and table of specifications / |
| 260 ## - PUBLICATION, DISTRIBUTION, ETC. (IMPRINT) | |
| Place of publication, distribution, etc | Quezon City |
| Name of publisher, distributor, etc | Adriana printing Co |
| Date of publication, distribution, etc | 2011 |
| 300 ## - PHYSICAL DESCRIPTION | |
| Extent | 180 pages |
| Withdrawn status | Lost status | Damaged status | Home library | Current library | Shelving location | Date acquired | Source of acquisition | Total Checkouts | Total Renewals | Full call number | Barcode | Date last seen | Date checked out | Price effective from | Koha item type |
|---|---|---|---|---|---|---|---|---|---|---|---|---|---|---|---|
| College Library | College Library | Filipiniana Section | 02/05/2018 | Library Fund | 1 | 3 | LB 1765 .C737 2011 | C14853 | 12/12/2018 | 11/16/2018 | 02/05/2018 | Books |